| 000 | 01717nam a22002657a 4500 | ||
|---|---|---|---|
| 003 | GR-AtMCL | ||
| 005 | 20250826105205.0 | ||
| 006 | a|||||r|||| 00| 0 | ||
| 008 | n||||||||gr g ||| gre | ||
| 020 | _a9789604183319 | ||
| 040 |
_bgre _aGR-AtMCL _dGR-AtMCL _eAACR2 |
||
| 041 | 1 | _heng | |
| 100 |
_aJeffrey A. Hoffer _4070 _910015 |
||
| 245 | 0 | 0 |
_aΠληροφοριακά συστήματα : _bΣύγχρονη ανάλυση και σχεδίαση / _cJeffrey A. Hoffer, Joey F. George [και] Joseph S. Valacich ; μετάφραση Γεώργιος Σίσιας |
| 250 | _a6η έκδ. | ||
| 260 |
_aΘεσσαλονίκη : _bΤζιόλα, _cc2018 |
||
| 300 |
_a725σ. ; _c29 εκ. |
||
| 500 | _aΤίτλος πρωτοτύπου: Modern systems analysis and design | ||
| 505 | 0 | _aΤο Περιβάλλον Ανάπτυξης Συστημάτων, Προέλευση Λογισμικού, Διαχείριση Έργου Πληροφοριακού Συστήματος, Αντικειμενοστρεφής Ανάλυση και Σχεδίαση - Διαχείριση Έργου, Σχεδιάζοντας Έργα Ανάπτυξης Συστημάτων, Απαιτήσεις Συστήματος, Σχεδιάζοντας Βάσεις Δεδομένων, Φόρμες και Αναφορές, Σχεδιάζοντας Διεπαφές και Διαλόγους, Κατανεμημένα και Διαδικτυακά Συστήματα, Υλοποίηση Συστημάτων κ.α | |
| 650 | 0 |
_aΠληροφορική _99850 |
|
| 650 | 0 |
_aΣχεδιασμός συστημάτων _910013 |
|
| 700 |
_aΣίσιας, Γεώργιος _4730 _910014 |
||
| 942 | _cBK | ||
| 999 |
_c9892 _d9892 |
||